Last 15 Managers of Tottenham Hotspur - Statistics

General Stats
  • This quiz has been taken 158 times
    39 since last reset
  • The average score is 10 of 15
Answer Stats
Answer % Correct
Mauricio Pochettino
97%
Ange Postecoglou
92%
Thomas Frank
92%
Igor Tudor
89%
José Mourinho
89%
Roberto De Zerbi
89%
Antonio Conte
86%
Ryan Mason
73%
Nuno Espirito Santo
68%
Harry Redknapp
62%
André Villas-Boas
59%
Cristian Stellini
41%
Tim Sherwood
35%
Martin Jol
32%
Juande Ramos
27%
No matching quizzes found
Score Distribution
Percent of People with Each Score
Percentile by Number Answered
Your Score History
You have not taken this quiz since the last reset